01158nam a2200193Ia 4500001001000000003001000010008004100020040002500061041001300086100003600099245005000135250001100185260007500196300002800271500026400299501011400563520026400677650002300941L210-3920IT-CnALBA170116s9999||||xx |||||||||||||| ||und|| aIT-CnALBAcIT-CnALBA aITALIANO aLANDUCCI PIER CARLO, MONSIGNORE 0aPROBLEMATICA DELLA MISCREDENZA E DELLA FEDE.  a1a ed. a ROMAbCOLETTI EDITORE c1964 [1° Ed.:1964 - Ed.Ling.Originale: 1964] a448 p. (prefazione: 56) aITINERARIO LOGICO PSICOLOGICO. DIO. MENTALITÀ SCIENTIFICA. CREDULISMO MEDIEVALE. CASO GALILEO. LOTTA TRA CREDENTI E NON CREDENTI. PANTEISMO. ATEISTI. SPAZIO INFINITO. DIO INFINITO. DIO IMMOBILE. TRINITÀ. I SENSI. IL PENSIERO. PECCATO. MALE. ANIMALI. GRAZI aSocietà San Paolo EM - Piazza San Paolo, 14 - 12051 ALBA (CN) (non commercial uses only) ® Copyright 2017 aITINERARIO LOGICO PSICOLOGICO. DIO. MENTALITÀ SCIENTIFICA. CREDULISMO MEDIEVALE. CASO GALILEO. LOTTA TRA CREDENTI E NON CREDENTI. PANTEISMO. ATEISTI. SPAZIO INFINITO. DIO INFINITO. DIO IMMOBILE. TRINITÀ. I SENSI. IL PENSIERO. PECCATO. MALE. ANIMALI. GRAZI aRELIGIONE NATURALE